[Event "POL-chT U20 1st League"]
[Site "Kudowa Zdroj"]
[Date "2018.07.28"]
[Round "8.6"]
[White "Nowak, Roksana"]
[Black "Szachniewicz, Weronika"]
[Result "1-0"]
[WhiteElo "1372"]
[BlackElo "1057"]
[PlyCount "85"]
[EventDate "2018.07.21"]
[EventType "team-tourn"]
[EventRounds "9"]
[EventCountry "POL"]
[SourceTitle "CBM 186 Extra"]
[Source "ChessBase"]
[SourceDate "2018.08.24"]
[SourceVersion "1"]
[SourceVersionDate "2018.08.24"]
[SourceQuality "1"]

1. d4 d5 2. c4 e5 3. dxe5 d4 4. Nf3 Nc6 5. e3 Bg4 6. Be2 d3 7. Qxd3 Qxd3 8. Bxd3 Bxf3 9. gxf3 Nxe5 10. Be2 0-0-0 11. Nc3 g6 12. Bd2 Bg7 13. 0-0-0 Ne7 14. Kc2 N7c6 15. a3 Rhe8 16. Rhe1 a6 17. h3 f5 18. Nd5 Ne7 19. Nxe7+ Rxe7 20. e4 Rf7 21. f4 Nc6 22. e5 h6 23. h4 g5 24. hxg5 hxg5 25. Bh5 Re7 26. fxg5 Bxe5 27. f4 Nd4+ 28. Kb1 Bd6 29. Rxe7 Bxe7 30. Bc3 Ne6 31. Rxd8+ Kxd8 32. Be5 Kd7 33. Bg6 Bf8 34. Bxf5 c6 35. g6 Ke7 36. Bxe6 Kxe6 37. g7 Bxg7 38. Bxg7 Kf5 39. Be5 b6 40. Kc2 b5 41. cxb5 cxb5 42. Kc3 a5 43. b4 1-0

[Event "POL-chT U20 1st League"]
[Site "Kudowa Zdroj"]
[Date "2018.07.26"]
[Round "6.12"]
[White "Mytnik, Kinga"]
[Black "Nowak, Roksana"]
[Result "1-0"]
[WhiteElo "1446"]
[BlackElo "1372"]
[PlyCount "81"]
[EventDate "2018.07.21"]
[EventType "team-tourn"]
[EventRounds "9"]
[EventCountry "POL"]
[SourceTitle "CBM 186 Extra"]
[Source "ChessBase"]
[SourceDate "2018.08.24"]
[SourceVersion "1"]
[SourceVersionDate "2018.08.24"]
[SourceQuality "1"]

1. e4 e5 2. Nf3 Nf6 3. d3 d6 4. Be2 Be7 5. Nbd2 0-0 6. Nf1 h6 7. h3 Nc6 8. c3 d5 9. Qc2 dxe4 10. dxe4 Be6 11. g4 Nh7 12. Ng3 Qd7 13. Bb5 Bf6 14. Be2 Rad8 15. Be3 Qc8 16. Qc1 g5 17. Nf5 Bxf5 18. gxf5 Bg7 19. Rg1 Kh8 20. b4 a6 21. Bc4 b5 22. Bd5 Ne7 23. Bc5 Rd7 24. a4 c6 25. Bb3 Qd8 26. Qc2 Kg8 27. Ke2 Qc7 28. axb5 axb5 29. Ra7 Qc8 30. Rga1 Re8 31. Rxd7 Qxd7 32. Ra7 Qd8 33. Qa2 Kh8 34. Bxf7 Bf6 35. Bxe8 Qxe8 36. Ra8 Nc8 37. Qa6 Qd7 38. Rxc8+ Kg7 39. Rxc6 Qf7 40. Bd6 h5 41. Rc7 1-0

[Event "POL-chT U20 1st League"]
[Site "Kudowa Zdroj"]
[Date "2018.07.22"]
[Round "2.24"]
[White "Bugaj, Hanna"]
[Black "Nowak, Roksana"]
[Result "1-0"]
[WhiteElo "1356"]
[BlackElo "1372"]
[PlyCount "67"]
[EventDate "2018.07.21"]
[EventType "team-tourn"]
[EventRounds "9"]
[EventCountry "POL"]
[SourceTitle "CBM 186 Extra"]
[Source "ChessBase"]
[SourceDate "2018.08.24"]
[SourceVersion "1"]
[SourceVersionDate "2018.08.24"]
[SourceQuality "1"]

1. e4 e5 2. Nf3 Nf6 3. Nc3 Nc6 4. a3 a6 5. Be2 Bc5 6. Nxe5 Nxe5 7. d4 Bxd4 8. Qxd4 Nc6 9. Qd3 d6 10. 0-0 Be6 11. Bg5 h6 12. Bh4 g5 13. Bg3 Qd7 14. b4 Na7 15. e5 Nh7 16. exd6 cxd6 17. Bxd6 Rd8 18. Rad1 Qc6 19. Qd4 Rg8 20. Bf3 Qc8 21. Qxa7 Qxc3 22. Qxb7 Qf6 23. Bc6+ Rd7 24. Rfe1 Qd8 25. Bc7 Kf8 26. Bxd8 Rxb7 27. Bxb7 Kg7 28. Bc7 Nf6 29. Rd8 Ne8 30. Be5+ f6 31. Bb2 Kf7 32. Bc6 Nc7 33. Rxg8 Kxg8 34. Bxf6 1-0

[Event "POL-chT U19 Wielkopolskie"]
[Site "Poland"]
[Date "2016.04.03"]
[Round "8.18"]
[White "Nowak, Roksana"]
[Black "Roszkiewicz, Zofia"]
[Result "1-0"]
[WhiteElo "1258"]
[BlackElo "1011"]
[PlyCount "101"]
[EventDate "2016.02.13"]
[EventType "team-tourn"]
[EventRounds "9"]
[EventCountry "POL"]
[SourceTitle "EXT 2019"]
[Source "ChessBase"]
[SourceDate "2018.10.10"]
[SourceVersion "1"]
[SourceVersionDate "2018.10.10"]
[SourceQuality "1"]

1. f4 d5 2. Nf3 Nc6 3. e3 Bf5 4. Bb5 a6 5. Bxc6+ bxc6 6. b3 Nf6 7. Bb2 e6 8. 0-0 Be7 9. d3 0-0 10. Nbd2 c5 11. Qe1 Bg4 12. Ne5 Bh5 13. Ndf3 Ng4 14. Nxg4 Bxg4 15. Qg3 f5 16. h3 Bf6 17. Bxf6 Qxf6 18. hxg4 d4 19. g5 Qg6 20. exd4 cxd4 21. Nxd4 h6 22. Nf3 hxg5 23. Qxg5 Qxg5 24. Nxg5 Rae8 25. Rae1 Rf6 26. d4 c6 27. Rd1 Rh6 28. Rfe1 Kf8 29. c4 Ke7 30. d5 cxd5 31. cxd5 Kf8 32. Rxe6 Rexe6 33. Nxe6+ Ke7 34. Ng5 Rd6 35. Re1+ Kd7 36. Rd1 Rf6 37. Kf2 Kd6 38. g3 Kc5 39. d6 Rxd6 40. Rxd6 Kxd6 41. Ke3 g6 42. Kd4 a5 43. a3 Kc6 44. Kc4 Kb6 45. Ne6 Kc6 46. Nf8 g5 47. fxg5 Kd6 48. Kd4 Ke7 49. Nh7 Kf7 50. Ke5 Kg6 51. b4 1-0

[Event "POL-chT3 Wielkopolskie 1516"]
[Site "Poland"]
[Date "2016.02.07"]
[Round "4.36"]
[White "Debowiak, Arleta"]
[Black "Nowak, Roksana"]
[Result "1-0"]
[WhiteElo "1839"]
[BlackElo "1213"]
[PlyCount "77"]
[EventDate "2016.01.10"]
[EventType "team-tourn"]
[EventRounds "11"]
[EventCountry "POL"]
[SourceTitle "EXT 2019"]
[Source "ChessBase"]
[SourceDate "2018.10.10"]
[SourceVersion "1"]
[SourceVersionDate "2018.10.10"]
[SourceQuality "1"]

1. e4 e5 2. Nf3 Nc6 3. d4 exd4 4. Nxd4 Qf6 5. c3 Bc5 6. Be3 Nxd4 7. cxd4 Bb4+ 8. Nc3 Qd8 9. g3 c6 10. Bg2 Ne7 11. 0-0 Bxc3 12. bxc3 d5 13. Bg5 f6 14. Bc1 0-0 15. Qb3 Kh8 16. Ba3 dxe4 17. Bxe4 Re8 18. Rfe1 Ng8 19. d5 cxd5 20. Bxd5 h6 21. Rxe8 Qxe8 22. Bf7 Qd8 23. Rd1 Qc7 24. Bxg8 Bh3 25. Bd5 Rd8 26. c4 Qe5 27. Bb2 Qe2 28. Bd4 Re8 29. Be3 Rd8 30. Qd3 Qg4 31. Bxa7 Ra8 32. Bc5 Rxa2 33. Bf7 Ra8 34. Bg6 Qc8 35. Be7 Qg8 36. c5 Be6 37. Qd8 Rxd8 38. Rxd8 Qxd8 39. Bxd8 1-0